Materials for engineers

Saved in:
Bibliographic Details
Main Author: Hosford, William F. (Author)
Format: Book
Language:English
Published: New York : Cambridge University Press, 2008
Subjects:
Tags: Add Tag
No Tags, Be the first to tag this record!

MARC

LEADER 00000nam a22000003a 4500
001 stu211021
005 20150617230102.7
008 100917s2008----xxu-----------------eng-d
020 |a 978-0-521-89997-0 
040 |a STU  |b slo 
041 0 |a eng 
044 |a xxu 
080 |a 620.1 
080 |a 620.2 
100 1 |a Hosford, William F.  |4 aut 
245 1 |a Materials for engineers 
260 |a New York :  |b Cambridge University Press,  |c 2008 
300 |a 278 s 
650 7 |a elektrické vlastnosti materiálov  |2 stusub 
650 7 |a mechanické vlastnosti  |2 stusub 
650 7 |a materiály  |2 stusub 
996 |b 284M045012  |c M*12783-2  |l MMKN  |s A  |a 24  |w stu211021_0001 
996 |b 284M045013  |c M*12783-1  |l MMST  |s A  |a 24  |w stu211021_0002